000 00323 a2200145 4500
001 161702
020 _a
040 _cMagnum
100 _a-
240 1 0 _aCurriculos para prevencao de drogas
_lpor
245 1 0 _aCurriculos para prevencao de drogas
362 0 _a1899
697 _aCIENCIAS MEDICAS SAUDE
942 _cBK
999 _c161702
_d161702